Czech Darts Open - Statistiken

Allgemein
  • Dieses Quiz wurde 250 mal gespielt
    61 seit der letzten Aktualisierung
  • Das Durchschnittsergebnis liegt bei 4 aus 5
Antwortstatistiken
Jahr Nationalität Spieler % Korrekt
2022 England Luke Humphries
100%
2024 England Luke Humphries
100%
2025 England Luke Humphries
100%
2023 Schottland Peter Wright
95%
2019 England Jamie Hughes
28%
Keine übereinstimmenden Quizze gefunden
Verteilung der Resultate
Anzahl Personen mit jedem Resultat
Perzentil nach korrekt beantworteten Fragen
Ihre Resultats-Entwicklung
Sie haben dieses Quiz seit der letzten Aktualisierung nicht gespielt